000 00615nam a22002177a 4500
003 OSt
005 20180924185421.0
008 150903b xxu||||| |||| 00| 0 eng d
020 _a9780781750271
040 _cDNLM
082 _aQV744 S64m 2006.
100 _aSinko, Patrick J.
_92924
245 _aMartin's Physical Pharmacy and Pharmaceutical Science
250 _a5th ed.
260 _aPhiladelphia;
_bWolters kluwer,
_c2006
300 _axiv,,795p;
_bcol.ill:
_c28.5cm
504 _aReferences, & index included
650 _aPhysical pharmacy
_95649
651 _aPharmaceutics
_95650
942 _2z
_cO_SHELF
999 _c4351
_d4351